000 00771nam a2200217 a 4500
003 0
005 20250228150701.0
008 100902s19uu xx 00 eng d
050 _aPGS SB 112.P46
_b.K49 2010
100 _aKim, Hye Young.
245 _aThe effects of aspirin on lettuce /
_cHye Young Kim.
260 _aLas PiƱas City, Philippines :
_bSouthville International School and Colleges,
_c2010.
300 _a12 pages :
_billustrations ;
_c28 cm.
504 _aIncludes bibliographical references.
650 _aLettuce
_vGrowth.
650 _aPlants
_vEffect of chemicals on growth.
650 _aAspirin
_vPhysiological effect.
650 _aSalicylic acid
_vEffect on plants.
650 _aPlant physiology
_vChemical influences.
942 _2lcc
_cPASS
999 _c98347
_d98347